LEADER 02325nam0 22004693i 450 001 VAN00218236 005 20250121115922.139 017 70$2N$a9783030177553 100 $a20210927d2019 |0itac50 ba 101 $aeng 102 $aCH 105 $a|||| ||||| 200 1 $aNanophotonics, Nanooptics, Nanobiotechnology, and Their Applications $eSelected Proceedings of the 6th International Conference Nanotechnology and Nanomaterials (NANO2018), August 27-30, 2018, Kyiv, Ukraine$fOlena Fesenko, Leonid Yatsenko editors 210 $aCham$cSpringer$d2019 215 $axviii, 473 p.$cill.$d24 cm 410 1$1001VAN00132747$12001 $aSpringer Proceedings in Physics$1210 $aBerlin [etc.]$cSpringer$v222 500 1$3VAN00218237$aNanophotonics, Nanooptics, Nanobiotechnology, and Their Applications$94309928 606 $a00A79 (77-XX)$xPhysics [MSC 2020]$3VANC023182$2MF 606 $a00Bxx$xConference proceedings and collections of articles [MSC 2020]$3VANC021742$2MF 606 $a78A60$xLasers, masers, optical bistability, nonlinear optics [MSC 2020]$3VANC029030$2MF 610 $aCarbon-based nanomaterials$9KW:K 610 $aFP7 Nanotwinning$9KW:K 610 $aNANO2018$9KW:K 610 $aNanoceramics$9KW:K 610 $aNanocomposites$9KW:K 610 $aNanocrystals$9KW:K 610 $aNanomaterials Ukraine$9KW:K 610 $aNanostructures$9KW:K 610 $aSilicon-based nanomaterials$9KW:K 620 $aCH$dCham$3VANL001889 702 1$aFesenko$bOlena$3VANV107462 702 1$aYatsenko$bLeonid$3VANV107463 710 12$aInternational Conference Nanotechnology and Nanomaterials$d6.$f2018$eKyiv, Ukraine$3VANV185802$01783033 712 $aSpringer $3VANV108073$4650 801 $aIT$bSOL$c20250124$gRICA 856 4 $uhttp://doi.org/10.1007/978-3-030-17755-3$zE-book ? Accesso al full-text attraverso riconoscimento IP di Ateneo, proxy e/o Shibboleth 899 $aBIBLIOTECA DEL DIPARTIMENTO DI MATEMATICA E FISICA$1IT-CE0120$2VAN08 912 $fN 912 $aVAN00218236 950 $aBIBLIOTECA DEL DIPARTIMENTO DI MATEMATICA E FISICA$d08DLOAD e-book 3954 $e08eMF3954 20210927 996 $aNanophotonics, Nanooptics, Nanobiotechnology, and Their Applications$94309928 997 $aUNICAMPANIA LEADER 01660nam0 22003853i 450 001 VAN00266249 005 20240806101520.72 017 70$2N$a9789400963207 100 $a20231106d1984 |0itac50 ba 101 $aeng 102 $aNL 105 $a|||| ||||| 200 1 $aFunctional Equations$eHistory, Applications and Theory$fedited by J. Aczél 210 $aDordrecht$cD. Reidel$d1984 215 $ax, 246 p.$cill.$d24 cm 410 1$1001VAN00022423$12001 $aMathematics and its applications$1210 $aDordrecht$cReidel$1300 $aL'editore varia in: Kluwer, [poi] Springer$v12 606 $a00Bxx$xConference proceedings and collections of articles [MSC 2020]$3VANC021742$2MF 606 $a39-XX$xDifference and functional equations [MSC 2020]$3VANC029242$2MF 610 $aDistribution$9KW:K 610 $aFiltering$9KW:K 610 $aFunctional equations$9KW:K 610 $aIntegrable Systems$9KW:K 610 $aMeasure Theory$9KW:K 610 $aMeasures$9KW:K 620 $aNL$dDordrecht$3VANL000068 702 1$aAczél$bJános$3VANV219284 712 $aReidel $3VANV108441$4650 801 $aIT$bSOL$c20250314$gRICA 856 4 $uhttps://doi.org/10.1007/978-94-009-6320-7$zE-book ? Accesso al full-text attraverso riconoscimento IP di Ateneo, proxy e/o Shibboleth 899 $aBIBLIOTECA DEL DIPARTIMENTO DI MATEMATICA E FISICA$1IT-CE0120$2VAN08 912 $fN 912 $aVAN00266249 950 $aBIBLIOTECA DEL DIPARTIMENTO DI MATEMATICA E FISICA$d08DLOAD e-book 7131 $e08eMF7131 20231110 996 $aFunctional equations$982436 997 $aUNICAMPANIA